| 000 | 02419cam a2200349 i 4500 | ||
|---|---|---|---|
| 999 |
_c28503 _d28474 |
||
| 001 | 19559892 | ||
| 003 | EG-ScBUE | ||
| 005 | 20200718155725.0 | ||
| 008 | 170317t2018 nyua f b 001 0 eng d | ||
| 020 | _a9780814438282 (pbk.) | ||
| 040 |
_aDLC _beng _erda _cDLC _dDLC _dEG-ScBUE |
||
| 082 | 0 | 0 |
_a658.872 _bWOE _222 |
| 100 | 1 |
_aWoessner, Stephen, _d1972- _eauthor. |
|
| 245 | 1 | 0 |
_aProfitable podcasting : _bgrow your business, expand your platform, and build a nation of true fans / _cStephen Woessner. |
| 246 | 3 | 0 | _aGrow your business, expand your platform, and build a nation of true fans |
| 264 | 1 |
_aNew York : _bAMACOM/American Management Association, _c[2018] |
|
| 264 | 4 | _cc2018 | |
| 300 |
_axi, 258 pages : _billustrations ; _c24 cm |
||
| 336 |
_atext _btxt _2rdacontent |
||
| 337 |
_aunmediated _bn _2rdamedia |
||
| 338 |
_avolume _bnc _2rdacarrier |
||
| 504 | _aIncludes bibliographical references and index. | ||
| 505 | 0 | _aAcknowledgements -- Foreword / by Don Yaeger -- Introduction: how a podcast can be your trojan horse of selling -- Overcome your biggest obstacles to success -- Take your vitals -- System overview : your recipe for success -- Grow your revenue -- Expand your platform -- Build your nation of true fans -- My $2 million mistake and how to get your avatar right -- Stage 1 : Strategic planning and production kick-off -- Stage 2 : Guest experience and website groundwork -- Stage 3 : Audio intros, outros, and design -- Stage 4 : Social media, recording software, and inviting guests -- Stage 5 : Final website content, show notes, and launch prep -- Stage 6 : Equipment, software, and editing your interviews -- Launch strategy : how to reach the top of itunes -- How to be an excellent host -- How to attract sponsorships -- Getting it all done : recruit rock star unpaid interns -- Epilogue: don't quit : win the oscar instead -- Appendix: success stories from business owners -- Notes. | |
| 650 | 7 |
_aInternet marketing. _2BUEsh |
|
| 650 | 7 |
_aPodcasting. _2BUEsh _914609 |
|
| 653 |
_bCOMAME _cJuly2020 |
||
| 655 |
_vReading book _934232 |
||
| 776 | 0 | 8 |
_iOnline version: _aWoessner, Stephen, 1972- author. _tProfitable podcasting _dNew York : Amacom, [2017] _z9780814438299 _w(DLC) 2017013242 |
| 906 |
_a7 _bcbc _corignew _d1 _eecip _f20 _gy-gencatlg |
||
| 942 |
_2ddc _cBB |
||